| 000 | 00579 a2200181 4500 | ||
|---|---|---|---|
| 999 |
_c10027 _d10027 |
||
| 022 | _I0702153915 | ||
| 050 | _aKTL 19.A2 JUT 1999 | ||
| 100 |
_aFisher, David S. _eauthor |
||
| 110 | _aJuta and Company | ||
| 245 |
_aJuta's index and annotations to the South African law reports : _b1999 / _cDavid S. Fisher |
||
| 264 |
_aCape Town: _bJuta and company limited, _c1999 |
||
| 300 | _a300p.: | ||
| 500 | _aIncludes bibliographical references | ||
| 650 | _aTable of cases | ||
| 650 | _aIndex and annotations | ||
| 650 | _aCase annotations | ||
| 942 |
_2lcc _cSERIALS _h19.A2 _iJUT _kKTL |
||